000 00390cam a22001337a 4500
008 180718b1995 xxu||||| |||| 00| 0 eng d
082 _aT19x54 P218
100 _aSarkar, Subrata
245 _aIndusty - poised for takeoff
260 _aDelhi
_bKonark
_c1995
300 _ap.107-128
500 _a[In]Mid - year review of the economy 1994 - 95 edited by Kirit S. Parikh
650 _aIndustry
999 _c377923
_d377923